| 000 | 00479 a2200181 4500 | ||
|---|---|---|---|
| 005 | 20250505123504.0 | ||
| 008 | 250505b |||||||| |||| 00| 0 eng d | ||
| 020 |
_a9788119613410 _cRs. 495.00 |
||
| 040 | _aMAIN | ||
| 082 |
_a572 _bS64T |
||
| 100 | _aSingh, Amit Kumar | ||
| 245 | _aTextbook of medical biochemistry | ||
| 260 |
_bIP Innovative Publication _c2024 _aNew Delhi |
||
| 300 | _axi, 253 | ||
| 650 | _aBiochemistry | ||
| 650 | _aMedical Biochemistry | ||
| 942 | _cBK | ||
| 999 |
_c360917 _d360917 |
||